| 000 | 02551nam a2200313 c 4500 | ||
|---|---|---|---|
| 999 |
_c329406 _d329406 |
||
| 003 | BLK | ||
| 005 | 20240425083556.0 | ||
| 008 | 180409b bul|||||r ||||||| ||bul|| | ||
| 010 | _aKNG00147455000 | ||
| 040 | _aBLK | ||
| 041 |
_aBUL _cBUL |
||
| 080 |
_aБългарска литература _b821.163.2 _x-93-32 _z821.163.2-93-32 |
||
| 100 |
_aНемиров, Добри _d03.02.1882 – 30.09.1945 _gДобри Немиров е псевдоним на Добри Зарафов – български писател, председател на Съюза на българските писатели в периода 1937 – 1940 г. Поради липса на средства се самообразова, работи като дребен чиновник, библиотекар в БКД и в Министерството на благоустройството. За пръв път Немиров печата разкази през 1902 г. Сътрудничи на списанията „Учителска мисъл“, „Народен живот“, Демократически преглед“, „Хиперион“ и др. Автор е на повестите „Роб“, „Дялба“, „Бедния Лука“; романите „Братя“, „Кошмар“, „Другият“, „Ангелогласният“, „Първи бразди“, „Дело № 9“; разказите за деца „Когато бях малък“ и др. Пише пътеписи, рецензии и отзиви за художествени изложби, филми, театрални постановки и драма. _qЗафиров, Добри Харалампиев _9251710 |
||
| 139 |
_aНемиров, Добри _bН 53 |
||
| 245 | 1 | 0 |
_aКогато бях малък _bРазкази за всички _cДобри Немиров; картини и корица от В. Лазаркевич _nТрета кн. |
| 257 | _aBGR | ||
| 260 |
_bХемус _c1943 _9209594 _aСофия _fА. Д. за книгопечатане и издателство |
||
| 300 |
_a148 с. _bс ил. _c22 см |
||
| 380 | _aDX | ||
| 500 | _aИстинското име на авт. Добри Харалампиев Зарафов. | ||
| 700 | 1 |
_aЗарафов, Добри Харалампиев _9327360 |
|
| 852 |
_bК _cК 821.163.2/Н 53 Д |
||
| 856 | 4 | _qpdf | |
| 856 | 4 | _qpdf | |
| 942 |
_cKNG _n0 _01 _s1 |
||
| 999 | _d329406 | ||
| 999 | _d329406 | ||
| 944 |
_k30545 _lНора Радева |
||